000 00468nam a2200181Ia 4500
001 15625
005 20260306170210.0
008 260306t2018||||xx |||||||||||||| ||und||
041 _aESP
082 _a551.49
_bG63
100 _aGómez Isidro, Sully
_eAUT
245 0 _aAguas subterráneas en zonas de montaña y trazadores ambientales
260 _c2018
300 _aix, 161 páginas :
_c24 cm.
650 _aGEN
654 _aCCN
942 _cLIB
_dJUS
_fJUS
_2ddc
_n
999 _c15625
_d15625